00516 a2200169 4500020001500000022001800015082000800033090001500041100002100056245005700077260004300134300001900177700002100196942002200217999001700239952009000256 a9812656847 a9789812656841 a530 c1159d11591 aSerway, Raymond.10aCollege physics 6th sixth edition /cRaymond Serway. a[S.l.] :bThomson Books / Cole,c2003. a1 v. (unpaged) aSerway, Raymond. aSNScBKk530 SER c29772d29772 00104070aSNSbSNSd2016-05-26l0o530 SERpSNS0001487r2016-05-26w2016-05-26yBK